Public speaking: An audience-Centered approach (Giáo trình Anh văn dành cho sinh viên khoa Anh văn trường Đại học Tổng Hợp Tp. HCM
The book contains 5 parts. Part 1: Introduction to Public Speaking. Part 2: Overview of the Speechmaking Process. Part 3: Listening to Others. Part 4: Analyzing the Audience. Part 5: Developing Your Speech
Spremljeno u:
| Glavni autor: | |
|---|---|
| Format: | Knjiga |
| Jezik: | Undetermined |
| Izdano: |
New Jersey
Prentice-Hall
|
| Teme: | |
| Oznake: |
Dodaj oznaku
Bez oznaka, Budi prvi tko označuje ovaj zapis!
|
| Thư viện lưu trữ: | Trung tâm Học liệu Trường Đại học Cần Thơ |
|---|
| LEADER | 00846nam a2200193Ia 4500 | ||
|---|---|---|---|
| 001 | CTU_15610 | ||
| 008 | 210402s9999 xx 000 0 und d | ||
| 020 | |b 14000đ | ||
| 082 | |a 428.3 | ||
| 082 | |b B414 | ||
| 100 | |a Steven A Beebe | ||
| 245 | 0 | |a Public speaking: An audience-Centered approach (Giáo trình Anh văn dành cho sinh viên khoa Anh văn trường Đại học Tổng Hợp Tp. HCM | |
| 245 | 0 | |c Steven A Beebe, Susan J Beebe | |
| 260 | |a New Jersey | ||
| 260 | |b Prentice-Hall | ||
| 520 | |a The book contains 5 parts. Part 1: Introduction to Public Speaking. Part 2: Overview of the Speechmaking Process. Part 3: Listening to Others. Part 4: Analyzing the Audience. Part 5: Developing Your Speech | ||
| 650 | |a public speaking | ||
| 904 | |i Minh, 970414 | ||
| 980 | |a Trung tâm Học liệu Trường Đại học Cần Thơ | ||